000
00328nam a2200133Ia 4500
008
231129s1962||||xx |||||||||||||| ||spa||
040
_b
spa
082
_a
792.02 S784un
100
_a
Stanislavski Constantin
245
0
_a
Un actor se prepara (An actor prepares)
260
_c
1962
264
_a
Constancia
942
_2
ddc
_c
BKS
999
_c
25775
_d
25775